[Event "World Open"]
[Site "Philadelphia USA"]
[Date "2008.07.05"]
[Round "7"]
[White "Smirin, I."]
[Black "Stocek, J."]
[Result "1/2-1/2"]
[WhiteElo "2637"]
[BlackElo "2559"]
[PlyCount "71"]
[EventDate "2008.07.02"]
[SourceDate "1999.07.01"]

1. e4 e5 2. Nf3 Nc6 3. Bb5 a6 4. Ba4 Nf6 5. O-O Be7 6. Qe2 d6 7. c3 O-O 8. d4
Bd7 9. d5 Nb8 10. Bc2 c6 11. dxc6 Bxc6 12. c4 b5 13. Nc3 bxc4 14. Qxc4 Bd7 15.
Bg5 Be6 16. Qd3 Nbd7 17. Bxf6 Bxf6 18. Qxd6 Rb8 19. Bb3 Bxb3 20. axb3 Rxb3 21.
Rxa6 Rxb2 22. Nd5 Rb7 23. h3 h6 24. Rd1 Qb8 25. Kh2 Re8 26. Rc1 Qxd6 27. Rxd6
Kf8 28. Rdc6 Bd8 29. Rc8 Nf6 30. Nxe5 Nxd5 31. exd5 Rxe5 32. Rxd8+ Ke7 33. Rcc8
Rd7 34. Rg8 g6 35. Rge8+ Kd6 36. Rxe5 1/2-1/2

[Event "Bundesliga 2008-9"]
[Site "Baden Baden GER"]
[Date "2008.11.29"]
[Round "5"]
[White "Polzin, R."]
[Black "Svidler, P."]
[Result "0-1"]
[WhiteElo "2500"]
[BlackElo "2727"]
[PlyCount "116"]
[EventDate "2008.10.03"]
[SourceDate "1999.07.01"]

1. e4 e5 2. Nf3 Nc6 3. Bb5 a6 4. Ba4 Nf6 5. O-O Be7 6. Qe2 b5 7. Bb3 O-O 8. c3
d6 9. Rd1 Na5 10. Bc2 c5 11. d4 Qc7 12. d5 Nd7 13. h3 Nb6 14. Nbd2 f5 15. exf5
Bxf5 16. Ne4 Nb7 17. Nfg5 Nd8 18. g4 Bxg5 19. Nxg5 Bxc2 20. Qxc2 g6 21. Qe4 c4
22. Be3 Na4 23. Rd2 Nc5 24. Qg2 Nd3 25. a4 Qb7 26. Qe4 Nf4 27. Kh2 Kg7 28. h4
h6 29. Nh3 Nxh3 30. Kxh3 Ne6 31. h5 Rf6 32. Kg3 gxh5 33. axb5 axb5 34. Rxa8
Qxa8 35. gxh5 Kh8 36. Qg4 Ng7 37. Rd1 Qe8 38. Ra1 Nxh5+ 39. Kh2 Ng7 40. Ra7 Rf7
41. Rxf7 Qxf7 42. Qc8+ Kh7 43. Qc6 Nf5 44. Qxb5 Qh5+ 45. Kg1 Qg4+ 46. Kf1 Nh4
47. Qa4 h5 48. b4 cxb3 49. Qxb3 Nf5 50. Ke1 h4 51. Qb7+ Ng7 52. Qb4 Qh5 53.
Qe4+ Kg8 54. Kf1 Ne8 55. Kg1 h3 56. Kh2 Nf6 57. Qb1 Kf7 58. Qf1 Qf3 0-1

[Event "Bundesliga 2012-13"]
[Site "Emsdetten GER"]
[Date "2013.02.03"]
[Round "8"]
[White "Tiviakov, S."]
[Black "Nyback, T."]
[Result "1-0"]
[WhiteElo "2659"]
[BlackElo "2598"]
[PlyCount "59"]
[EventDate "2012.10.20"]
[EventType "team"]
[SourceDate "1999.07.01"]
[WhiteTeam "SC Eppingen"]
[BlackTeam "SV Werder Bremen"]

1. e4 e5 2. Nf3 Nc6 3. Bb5 a6 4. Ba4 Nf6 5. O-O Be7 6. Qe2 b5 7. Bb3 d6 8. c3
O-O 9. Rd1 Na5 10. Bc2 c5 11. d4 Qc7 12. d5 Bd7 13. b3 Ne8 14. h3 g6 15. Bh6
Ng7 16. Nbd2 f5 17. Ng5 Qd8 18. Ndf3 Re8 19. a4 bxa4 20. bxa4 fxe4 21. Nxe4 Nf5
22. Bc1 Kg7 23. Nfg5 Nh6 24. Ne6+ Bxe6 25. dxe6 Ng8 26. Nxc5 Qc8 27. Nd7 Qxc3
28. Be4 Rad8 29. Bd5 Qc7 30. Qxa6 1-0

[Event "16th Corsica Masters KO"]
[Site "Bastia FRA"]
[Date "2012.10.29"]
[Round "2.1"]
[White "Short, N."]
[Black "Brkic, A."]
[Result "1-0"]
[WhiteElo "2707"]
[BlackElo "2575"]
[PlyCount "117"]
[EventDate "2012.10.28"]
[SourceDate "1999.07.01"]

1. e4 e5 2. Nf3 Nc6 3. Bb5 a6 4. Ba4 Nf6 5. O-O Be7 6. Qe2 b5 7. Bb3 O-O 8. c3
d5 9. d3 Bb7 10. Nbd2 Re8 11. a3 Qd7 12. Re1 h6 13. Ba2 Rad8 14. Nf1 Bf8 15.
Ng3 dxe4 16. dxe4 Qd3 17. Qxd3 Rxd3 18. h3 Na5 19. Kf1 c5 20. Bb1 Rdd8 21. Bc2
g6 22. b3 Kg7 23. Bb2 c4 24. b4 Nb3 25. Rad1 Rxd1 26. Rxd1 a5 27. Ke2 Bc6 28.
Nd2 Nxd2 29. Rxd2 h5 30. h4 Be7 31. Rd1 Nd7 32. Rh1 Nf8 33. Nf1 Ne6 34. g3 axb4
35. axb4 Ra8 36. Ne3 Ra2 37. Rb1 Nc7 38. Kd1 Bd6 39. Kc1 Kf6 40. Ra1 Rxa1+ 41.
Bxa1 Ke6 42. Kd1 Ne8 43. Bb2 Nf6 44. f3 Bc7 45. Bc1 Bb6 46. Ke2 Ne8 47. Ng2 Nd6
48. Be3 Bxe3 49. Nxe3 Bb7 50. Nf1 Bc6 51. Ke3 f5 52. Nd2 Kf6 53. exf5 gxf5 54.
f4 Nf7 55. Bd1 Kg6 56. Be2 Bd5 57. fxe5 Bc6 58. Kd4 Bb7 59. Bf3 1-0